The History of the Valorous and Witty Knight-Errant Don Quixote of la Mancha (Record no. 3106)

MARC details
000 -CABECERA
campo de control de longitud fija 01330nam a2200289 a 4500
001 - NÚMERO DE CONTROL
campo de control BRCA_3370
005 - FECHA Y HORA DE LA ÚLTIMA TRANSACCIÓN
campo de control 20190320204240.0
041 ## - CÓDIGO DE LENGUA
Código de lengua del texto/banda sonora o título independiente eng
044 ## - CÓDIGO DEL PAÍS DE LA ENTIDAD EDITORA/PRODUCTORA
Código MARC del país enk
084 ## - OTRO NÚMERO DE CLASIFICACIÓN
Número de clasificación 659
Número de documento/Ítem .M33
-- 1900
100 1# - ENTRADA PRINCIPAL--NOMBRE DE PERSONA
Nombre de persona Cervantes Saavedra, Miguel de
Fechas asociadas al nombre 1547-1616
9 (RLIN) 213
245 10 - MENCIÓN DE TÍTULO
Título The History of the Valorous and Witty Knight-Errant Don Quixote of la Mancha
Mención de responsabilidad, etc. By Miguel de Cervantes ; Translated by Thomas Shelton.
260 ## - PUBLICACIÓN, DISTRIBUCIÓN, ETC.
Lugar de publicación, distribución, etc. Londres
Nombre del editor, distribuidor, etc. Macmillan and Co.
Fecha de publicación, distribución, etc. 1900
300 ## - DESCRIPCIÓN FÍSICA
Extensión 3 v.
Dimensiones 23 cm.
500 ## - NOTA GENERAL
Nota general Contenido : v.1. Primera parte. Nota bibliográfica por A. W. Pollard. Prólogo de Cervantes. Versos preliminares. -- v.2. Primera parte. Texto. Segunda parte. Prólogo de Cervantes. -- v.3. Segunda parte. Texto. Glosario
500 ## - NOTA GENERAL
Nota general Reproducción bellamente impresa de la versión de Thomas Shelton, con una nota bibliográfica escrita por A. W. Pollard. Tela Lúdovik Osterc
500 ## - NOTA GENERAL
Nota general QM1090
546 ## - NOTA DE LENGUA/LENGUAJE
Nota de lengua/lenguaje Texto en : inglés
650 14 - PUNTO DE ACCESO ADICIONAL DE MATERIA--TÉRMINO DE MATERIA
Término de materia o nombre geográfico como elemento de entrada Novela española
Subdivisión cronológica Época clásica, 1500-1700
9 (RLIN) 215
650 14 - PUNTO DE ACCESO ADICIONAL DE MATERIA--TÉRMINO DE MATERIA
Término de materia o nombre geográfico como elemento de entrada Literatura española
Subdivisión cronológica Época clásica, 1500-1700
9 (RLIN) 216
650 14 - PUNTO DE ACCESO ADICIONAL DE MATERIA--TÉRMINO DE MATERIA
Término de materia o nombre geográfico como elemento de entrada Novela española
Subdivisión cronológica Siglo XVII
9 (RLIN) 217
650 14 - PUNTO DE ACCESO ADICIONAL DE MATERIA--TÉRMINO DE MATERIA
Término de materia o nombre geográfico como elemento de entrada Don Quixote (Personaje fictico)
Término indicativo de función/relación Novela
9 (RLIN) 8875
700 1# - PUNTO DE ACCESO ADICIONAL--NOMBRE DE PERSONA
Nombre de persona Shelton, Thomas
Fechas asociadas al nombre ?-1626
Término indicativo de función/relación Traductor
9 (RLIN) 8876
740 0# - PUNTO DE ACCESO ADICIONAL--TÍTULO RELACIONADO O ANALÍTICO NO CONTROLADO
Título relacionado o analítico no controlado El Ingenioso Hidalgo Don Quijote de la Mancha
902 ## - CATALOGADOR
Iniciales QFM
942 ## - ELEMENTOS DE PUNTO DE ACCESO ADICIONAL (KOHA)
Fuente del sistema de clasificación o colocación Library of Congress Classification
Tipo de ítem Koha Libros
Holdings
Estado de retiro Estado de pérdida Estado dañado No para préstamo Localización permanente Ubicación/localización actual Fecha de adquisición Número de inventario Total de préstamos Signatura topográfica completa Código de barras Fecha visto por última vez Precio válido a partir de Tipo de ítem Koha
El ejemplar forma parte de la colección y puede ser consultado según las políticas vigentes.       Biblioteca del Museo Franz Mayer (Rogerio Casas-Alatriste) Biblioteca del Museo Franz Mayer (Rogerio Casas-Alatriste) 01/04/2009 QM1090   659 .M33 1900 (QM1090) 3367 22/03/2019 22/03/2019 Libros